000 00974cam a22003014a 4500
001 12603956
003 OSt
005 20210215154102.0
008 011130s2002 paua b 001 0 eng
010 _a 2001057695
020 _a0721677665
040 _aDLC
_cDLC
_dDLC
_dPHNSL
042 _apcc
050 0 0 _aRT61
_b.H67 2002
082 0 0 _a610.73
_221
245 0 0 _aHome health care nursing /
_c[edited by] Ida M. Martinson, Ann G. Widmer, Carmen J. Portillo.
250 _a2nd ed.
260 _aPhiladelphia :
_bW.B. Saunders,
_c2002.
300 _axx, 577 p. :
_bill. ;
_c27 cm.
504 _aIncludes bibliographical references and index.
650 0 _aHome nursing.
700 1 _aMartinson, Ida Marie,
_d1936-
700 1 _aWidmer, Ann.
700 1 _aPortillo, Carmen J.
906 _a7
_bcbc
_corignew
_d1
_eocip
_f20
_gy-gencatlg
942 _2lcc
_cBK
999 _c339
_d339